00757nam a2200241Ia 4500003000400000005001700004008004100021020002200062040000700084041000800091082001600099100002800115245002600143260002900169300001400198365001300212440004700225650003200272906002800304942001200332999001900344952015200363OSt20230529093827.0210423s2015 xx 000 0 und d a978-93-84007-41-6 cAL aeng a530.15 WALC aWALKER (Darren)9115510 aComputational physics aNew DelhibMed Tecc2015 ax,371bPB b295cINR aMedtec introductory physics series9115511 aTheoretical Physics9115512 aComputational ; physics 2ddccBK c168250d168250 001040708PHYaSACPGbSACPGd2017-01-24eSouthern Book Sellersg295.00l1o530.15 WALCpPG014752r2022-08-24 00:00:00s2021-10-16w2021-04-26yBK